Top 10 Brazilian Football Transfer Records - Statistics

General Stats
  • This quiz has been taken 306 times
    69 since last reset
  • The average score is 9 of 10
Answer Stats
Rank Name Joined Left Season Fee % Correct
1 Neymar Paris Saint-Germain FC Barcelona 17/18 €222.00m
100%
4 Neymar Al-Hilal SFC Paris Saint-Germain 23/24 €90.00m
100%
5 Neymar FC Barcelona Santos FC 13/14 €88.00m
100%
2 Philippe Coutinho FC Barcelona Liverpool FC 17/18 €135.00m
98%
8 Alisson Liverpool FC AS Roma 18/19 €72.50m
97%
9 Casemiro Manchester United Real Madrid 22/23 €70.65m
97%
10 Kaká Real Madrid AC Milan 09/10 €67.00m
97%
3 Antony Manchester United Ajax Amsterdam 22/23 €95.00m
94%
7 Matheus Cunha Manchester United Wolverhampton Wanderers 25/26 €74.20m
85%
6 Arthur Melo Juventus FC FC Barcelona 20/21 €80.60m
74%
No matching quizzes found
Score Distribution
Percent of People with Each Score
Percentile by Number Answered
Your Score History
You have not taken this quiz since the last reset